Database Processing Fundamentals, Design, Implementation
Guardado en:
| Autor principal: | |
|---|---|
| Formato: | Libro |
| Lenguaje: | inglés |
| Publicado: |
Chicago
Science Research Associates
1983
|
| Edición: | 2. ed. |
| Materias: | |
| Etiquetas: |
Sin Etiquetas, Sea el primero en etiquetar este registro!
|
MARC
| LEADER | 00000nam a2200000 4500 | ||
|---|---|---|---|
| 001 | c005105 | ||
| 005 | 20221207073431.4 | ||
| 020 | |a 0-574-21320-1 | ||
| 041 | 0 | |a eng | |
| 044 | |a US | ||
| 245 | 1 | 0 | |a Database Processing |b Fundamentals, Design, Implementation |c David M. Kroenke |
| 250 | |a 2. ed. | ||
| 264 | 1 | |a Chicago |b Science Research Associates |c 1983 | |
| 300 | |a 607 s. | ||
| 610 | 2 | 0 | |a systémy databázové |
| 610 | 2 | 0 | |a spracovanie dát automatické |
| 610 | 2 | 0 | |a štruktúra dát |
| 610 | 2 | 0 | |a modelovanie |
| 610 | 2 | 0 | |a modely input-output |
| 610 | 2 | 0 | |a báza dát |
| 610 | 2 | 0 | |a CODASYL DBTG |
| 610 | 2 | 0 | |a manažment |
| 100 | 1 | |a Kroenke, David M. | |